Satriya nritya aru satriya nrityar taal/ (Record no. 12028)

MARC details
000 -LEADER
fixed length control field 00589nam a22001937a 4500
005 - DATE AND TIME OF LATEST TRANSACTION
control field 20241204080813.0
008 - FIXED-LENGTH DATA ELEMENTS--GENERAL INFORMATION
fixed length control field 241204b |||||||| |||| 00| 0 eng d
040 ## - CATALOGING SOURCE
Original cataloging agency IN-DiNC
Transcribing agency IN-DiNC
041 ## - LANGUAGE CODE
Language code of sung or spoken text English
082 ## - DEWEY DECIMAL CLASSIFICATION NUMBER
Classification number 394.3
Item number SAT
245 ## - TITLE STATEMENT
Title Satriya nritya aru satriya nrityar taal/
Statement of responsibility, etc. ed. by Maheswar Neog and Keshav Changkakati
250 ## - EDITION STATEMENT
Edition statement 4th ed.
260 ## - PUBLICATION, DISTRIBUTION, ETC.
Place of publication, distribution, etc. Guwahati:
Name of publisher, distributor, etc. Publication board Assam,
Date of publication, distribution, etc. 2015.
300 ## - PHYSICAL DESCRIPTION
Extent 584p.
650 ## - SUBJECT ADDED ENTRY--TOPICAL TERM
Topical term or geographic name entry element Satriya dances of Assam and their rhythms
700 ## - ADDED ENTRY--PERSONAL NAME
Personal name Changkakati, Keshav
Relator term Editor
700 ## - ADDED ENTRY--PERSONAL NAME
Personal name Neog, Maheswar
Relator term Editor
942 ## - ADDED ENTRY ELEMENTS (KOHA)
Source of classification or shelving scheme Dewey Decimal Classification
Koha item type Books
Holdings
Withdrawn status Lost status Source of classification or shelving scheme Damaged status Not for loan Collection code Home library Current library Shelving location Date acquired Cost, normal purchase price Total Checkouts Full call number Barcode Date last seen Copy number Price effective from Koha item type
    Dewey Decimal Classification     Assamese Naharkatiya College Library Naharkatiya College Library General Stacks 04/12/2024 500.00   394.3 SAT 25967 04/12/2024 1 04/12/2024 Books

Naharkatiya College © 2020. All rights reserved.

Powered By